000 00621cam a2200181 4500
001 WB3825-19
008 020710n2002 000 0 eng u
035 _a(Sirsi) u118764
245 _aNFU welcomes leaflet initiative
260 _c2002
490 _aNFU Press Release
_v 8 July 2002, (2)
520 _aNFU has welcomed launch of DEFRA leaflet "Don't bring back more than you bargained for" , which reminds holidaymakers of restrictions still in place for border controls. www.nfu.org.uk/pr/4027227/imports.htm
590 _aWB
650 _aBORDERS
650 _aIMPORTS
690 _aRural
_96268
942 _n0
999 _c70703
_d70703